Statistics for Detroit Red Wings Roster

Click here to take the quiz!

General Stats

  • This quiz has been taken 39 times
    (9 since last reset)
  • The average score is 19 of 25

Answer Stats

PositionAnswer% Correct
Right WingAlex DeBrincat
100%
GoaltenderAlex Lyon
100%
CenterAndrew Copp
100%
DefensemanBen Chiarot
100%
Left WingDavid Perron
100%
CenterDylan Larkin
100%
Left WingLucas Raymond
100%
DefensemanMoritz Seider
100%
Right WingPatrick Kane
100%
DefensemanSimon Edvinsson
100%
GoaltenderVille Husso
100%
DefensemanJeff Petry
80%
DefensemanOlli Määttä
80%
DefensemanShayne Gostisbehere
80%
Right WingChristian Fischer
60%
Right WingDaniel Sprong
60%
DefensemanJake Walman
60%
GoaltenderJames Reimer
60%
Left WingJ.T. Compher
60%
DefensemanJustin Holl
60%
CenterMichael Rasmussen
60%
CenterAustin Czarnik
40%
CenterJoe Veleno
40%
Right WingJonatan Berggren
40%
CenterRobby Fabbri
40%

Score Distribution

Percentile by Number Answered

Percent of People with Each Score

Your Score History

You have not taken this quiz since the last reset